00545 2200181 4500245007800000020002200078250001100100100001800111700001200129650002000141005001900161260003600180041001400216084000800230300002800238500008800266336000900354 aCahaya Lentera b : Mencari Asa di Bumi TransmigrancIgnasius SedahText a978-602-1371-16-9 aCet. 1 aIgnasius Seda aAna Sue aNovel Indonesia a20231005110551 aYogyakartabAG Publishingc2014 aIndonesia a813 aviii, 168 hlm. 19 cm. : aCahaya Lentera adalah sebuah kisah perjalanan menggapai mimpi di bumi transmigrasi. atext